[Event "EOBCC 2020"]
[Site "Online"]
[Date "2020.12.18"]
[Round "11.22"]
[White "Gajewski, Grzegorz"]
[Black "Kosakowski, Jakub"]
[Result "0-1"]
[WhiteElo "2596"]
[BlackElo "2431"]
[Annotator "ChessBase"]
[PlyCount "140"]
[EventDate "2020.12.18"]
[EventType "tourn"]
[EventCountry "NET"]
[SourceTitle "playchess.com"]
[Source "ChessBase"]
[SourceQuality "1"]

1. b3 g6 2. Bb2 Nf6 3. g4 Bg7 4. g5 Nh5 5. Bxg7 Nxg7 6. Nf3 d6 7. d4 Bg4 8. Bg2 Nd7 9. Nfd2 c6 10. h3 Bh5 11. h4 h6 12. Nc4 hxg5 13. hxg5 d5 14. Ne5 Nxe5 15. dxe5 Qc7 16. Qd4 Ne6 17. Qe3 O-O-O 18. Nd2 Kb8 19. f4 Qa5 20. a3 d4 21. Qg3 Qc3 22. Qxc3 dxc3 23. Ne4 Nxf4 24. Bf1 Nd5 25. Kf2 Bg4 26. Rxh8 Rxh8 27. Ng3 Nf4 28. Ne4 Bf5 29. Nxc3 Bxc2 30. b4 Ne6 31. Rc1 Bf5 32. b5 cxb5 33. e4 Bg4 34. Kg3 Bh5 35. Bxb5 Nxg5 36. Rb1 Rc8 37. Nd5 Nxe4+ 38. Kf4 Nc3 39. Nxc3 Rxc3 40. Ba6 Rf3+ 41. Kg5 Rxa3 42. Bxb7 Kc7 43. Bd5 Re3 44. Rb7+ Kd8 45. Kf4 Re1 46. Rxa7 g5+ 47. Kg3 Rxe5 48. Bb7 e6 49. Bc6 Rc5 50. Rd7+ Kc8 51. Ba4 Rc3+ 52. Kf2 Rc4 53. Ra7 Kb8 54. Ra5 f5 55. Bd7 Re4 56. Ra6 Bf7 57. Bc6 Re5 58. Bf3 Bg6 59. Ra8+ Kc7 60. Rh8 g4 61. Bg2 Kd6 62. Rg8 Bf7 63. Rf8 Ke7 64. Rb8 Kf6 65. Rb7 Ra5 66. Rb4 e5 67. Kg3 Kg5 68. Kh2 f4 69. Rb6 g3+ 70. Kh3 Bg6 0-1

[Event "EOBCC 2020"]
[Site "Online"]
[Date "2020.12.18"]
[Round "11.23"]
[White "Gunnarsson, Arnar"]
[Black "Keymer, Vincent"]
[Result "1-0"]
[WhiteElo "2420"]
[BlackElo "2588"]
[Annotator "ChessBase"]
[PlyCount "83"]
[EventDate "2020.12.18"]
[EventType "tourn"]
[EventCountry "NET"]
[SourceTitle "playchess.com"]
[Source "ChessBase"]
[SourceQuality "1"]

1. c4 e6 2. Nf3 d5 3. g3 d4 4. Bg2 c5 5. b4 cxb4 6. a3 Nc6 7. O-O a5 8. axb4 Bxb4 9. Bb2 Nge7 10. Na3 O-O 11. Nb5 e5 12. e3 Bg4 13. h3 Bh5 14. g4 Bg6 15. exd4 exd4 16. d3 Bc5 17. Re1 Re8 18. Ne5 Rc8 19. Qf3 Nxe5 20. Rxe5 b6 21. Rae1 f6 22. R5e2 Qd7 23. Nxd4 Bxd4 24. Bxd4 Qxd4 25. Rxe7 Rxe7 26. Rxe7 Re8 27. Qb7 Qa1+ 28. Bf1 Rxe7 29. Qxe7 Qd4 30. Bg2 Bf7 31. Bd5 Qa1+ 32. Kg2 Bxd5+ 33. cxd5 Qe5 34. Qd8+ Kf7 35. d6 Qd5+ 36. Kg1 Qxd3 37. Qe7+ Kg6 38. d7 Qd1+ 39. Kh2 Qd2 40. Qe8+ Kh6 41. Qe3+ Qxe3 42. fxe3 1-0

[Event "EOBCC 2020"]
[Site "Online"]
[Date "2020.12.18"]
[Round "11.24"]
[White "Wagner, Dennis"]
[Black "Yankelevich, Lev"]
[Result "1-0"]
[WhiteElo "2581"]
[BlackElo "2416"]
[Annotator "ChessBase"]
[PlyCount "45"]
[EventDate "2020.12.18"]
[EventType "tourn"]
[EventCountry "NET"]
[SourceTitle "playchess.com"]
[Source "ChessBase"]
[SourceQuality "1"]

1. e4 e5 2. Nf3 Nf6 3. Nxe5 d6 4. Nf3 Nxe4 5. d4 d5 6. Bd3 Be7 7. O-O Bf5 8. Re1 O-O 9. c4 Nc6 10. cxd5 Qxd5 11. Nc3 Nxc3 12. bxc3 Bxd3 13. Qxd3 Rfe8 14. Bf4 Bd6 15. c4 Qa5 16. Bd2 Bb4 17. Ng5 g6 18. Qh3 h5 19. Qd7 Qf5 20. Rxe8+ Rxe8 21. Qxe8+ Kg7 22. Bxb4 Qb1+ 23. Rxb1 1-0

[Event "EOBCC 2020"]
[Site "Online"]
[Date "2020.12.18"]
[Round "11.25"]
[White "Asadli, Vugar"]
[Black "Baskin, Robert"]
[Result "0-1"]
[WhiteElo "2572"]
[BlackElo "2390"]
[Annotator "ChessBase"]
[PlyCount "76"]
[EventDate "2020.12.18"]
[EventType "tourn"]
[EventCountry "NET"]
[SourceTitle "playchess.com"]
[Source "ChessBase"]
[SourceQuality "1"]

1. e4 c5 2. Nc3 Nc6 3. Bb5 Nd4 4. Nf3 a6 5. Bd3 g6 6. O-O Bg7 7. Nxd4 cxd4 8. Ne2 d5 9. exd5 Qxd5 10. c3 dxc3 11. dxc3 Nf6 12. Qc2 O-O 13. Ng3 b6 14. Be3 Bb7 15. f3 Rfd8 16. Rad1 Qc6 17. Qf2 Nd5 18. Be4 b5 19. Bc5 e6 20. Ne2 Rac8 21. b4 Qc7 22. Rc1 Nf6 23. Bxb7 Qxb7 24. Nd4 Nd5 25. a3 Nxc3 26. Nb3 Nd5 27. Rc2 Nf4 28. Qe3 e5 29. Rd2 Rxd2 30. Qxd2 Bf6 31. Qd6 Kg7 32. Na5 Qa8 33. Qd7 Rd8 34. Qc7 Rd2 35. Rf2 Qd5 36. h3 Rxf2 37. Bxf2 Qd1+ 38. Kh2 Qf1 0-1

[Event "EOBCC 2020"]
[Site "Online"]
[Date "2020.12.18"]
[Round "11.26"]
[White "Stefansson, Hannes"]
[Black "Tsvetkov, Andrey"]
[Result "0-1"]
[WhiteElo "2536"]
[BlackElo "2395"]
[Annotator "ChessBase"]
[PlyCount "72"]
[EventDate "2020.12.18"]
[EventType "tourn"]
[EventCountry "NET"]
[SourceTitle "playchess.com"]
[Source "ChessBase"]
[SourceQuality "1"]

1. e4 c5 2. Nf3 d6 3. d4 cxd4 4. Nxd4 Nf6 5. Nc3 a6 6. h3 e5 7. Nb3 Be6 8. Qf3 Be7 9. Be2 b5 10. g4 b4 11. Nd5 Nxd5 12. exd5 Bc8 13. a3 bxa3 14. Rxa3 O-O 15. Bd3 Nd7 16. g5 Nc5 17. Nxc5 dxc5 18. d6 Bxd6 19. Qxa8 c4 20. Be4 Bxa3 21. bxa3 Qa5+ 22. Bd2 Qxa3 23. O-O Bxh3 24. Qc6 Bxf1 25. Kxf1 Qh3+ 26. Ke2 Rd8 27. Qxc4 Qg4+ 28. Ke1 Qg1+ 29. Ke2 Qg4+ 30. Ke1 Rd4 31. Bxh7+ Kxh7 32. Qxf7 Qg1+ 33. Ke2 Qg4+ 34. Ke1 Qe4+ 35. Be3 Qh1+ 36. Ke2 Qd1# 0-1

[Event "EOBCC 2020"]
[Site "Online"]
[Date "2020.12.18"]
[Round "11.27"]
[White "Jovanovic, Zoran"]
[Black "Karpus, Michal"]
[Result "1-0"]
[WhiteElo "2517"]
[BlackElo "2311"]
[Annotator "ChessBase"]
[PlyCount "69"]
[EventDate "2020.12.18"]
[EventType "tourn"]
[EventCountry "NET"]
[SourceTitle "playchess.com"]
[Source "ChessBase"]
[SourceQuality "1"]

1. e4 e5 2. Nf3 Nc6 3. d4 exd4 4. Nxd4 Bc5 5. Nxc6 Qf6 6. Qf3 dxc6 7. Nc3 Qxf3 8. gxf3 Ne7 9. Be3 Bb6 10. Rg1 O-O 11. Bc4 Kh8 12. a4 a5 13. Ne2 f5 14. Nf4 fxe4 15. fxe4 Bxe3 16. fxe3 Ng8 17. Bxg8 Kxg8 18. Rd1 Re8 19. Nh5 Re7 20. Rd8+ Kf7 21. Rxg7+ Ke6 22. Nf4+ Kf6 23. Rxe7 Kxe7 24. Rh8 b5 25. e5 bxa4 26. Rxh7+ Kd8 27. Kd2 Rb8 28. Kc3 Ke8 29. h4 c5 30. h5 Kf8 31. h6 Kg8 32. Rg7+ Kf8 33. Ng6+ Ke8 34. h7 Bf5 35. h8=R# 1-0

[Event "EOBCC 2020"]
[Site "Online"]
[Date "2020.12.18"]
[Round "11.28"]
[White "Gavrilescu, David"]
[Black "Kacharava, Nikolozi"]
[Result "0-1"]
[WhiteElo "2476"]
[BlackElo "2443"]
[Annotator "ChessBase"]
[PlyCount "66"]
[EventDate "2020.12.18"]
[EventType "tourn"]
[EventCountry "NET"]
[SourceTitle "playchess.com"]
[Source "ChessBase"]
[SourceQuality "1"]

1. e4 e5 2. Nf3 Nf6 3. Nxe5 d6 4. Nf3 Nxe4 5. Nc3 Nxc3 6. dxc3 Be7 7. Be3 O-O 8. Qd2 Nd7 9. O-O-O c6 10. h4 d5 11. Bd3 Nc5 12. Ng5 h6 13. Nh3 Nxd3+ 14. Qxd3 Bxh4 15. g4 Qe7 16. f3 f5 17. Nf4 Bg5 18. Rde1 Qf7 19. Nh5 Bxe3+ 20. Qxe3 fxg4 21. Reg1 Bf5 22. Qd4 Bg6 23. Rxg4 Bxh5 24. Rxh5 Qf6 25. Qg1 Rae8 26. f4 Re4 27. Rhh4 Rfe8 28. Qf2 Re2 29. Qg3 Re1+ 30. Kd2 R8e2+ 31. Kd3 Qf5+ 32. Kd4 Re4+ 33. Kc5 Qf8# 0-1

[Event "EOBCC 2020"]
[Site "Online"]
[Date "2020.12.18"]
[Round "11.29"]
[White "Grandelius, Nils"]
[Black "Bashirli, Nail"]
[Result "1/2-1/2"]
[WhiteElo "2663"]
[BlackElo "2382"]
[Annotator "TA"]
[PlyCount "251"]
[EventDate "2020.12.18"]
[EventType "tourn"]
[EventCountry "NET"]
[SourceTitle "playchess.com"]
[Source "ChessBase"]
[SourceQuality "1"]

1. Nf3 b6 2. g3 Bb7 3. Bg2 g6 4. O-O Bg7 5. d3 e6 6. e4 Ne7 7. Re1 O-O 8. h4 h5 9. Nc3 c5 10. d4 d6 11. Be3 Nbc6 12. Qd2 e5 13. dxe5 dxe5 14. Nd5 Nd4 15. c3 Nxd5 16. exd5 Nf5 17. c4 Nd6 18. Rac1 Qd7 19. b4 cxb4 20. Qxb4 Nf5 21. Bd2 Rfe8 22. Bh3 Rac8 23. Ng5 Rc7 24. Ne4 Rec8 25. Bg5 b5 26. Qxb5 Qxb5 27. cxb5 Rxc1 28. Rxc1 Rxc1+ 29. Bxc1 Bxd5 30. Nc3 Be6 31. a4 Bf8 32. Ne4 Bb4 33. Bb2 Bb3 34. Bxe5 Bxa4 35. Nf6+ Kf8 36. Bb8 Bxb5 37. Bxf5 gxf5 38. Bxa7 Be2 39. Kg2 f4 40. f3 fxg3 41. Kxg3 Be1+ 42. Bf2 Ba5 43. Nxh5 Bc7+ 44. Kg2 f6 45. Bg3 Bd8 46. Nf4 Bd1 47. Bf2 Kf7 48. Bd4 Bc7 49. Nd5 Bd8 50. Ne3 Bb3 51. Kg3 Bc7+ 52. f4 Ba2 53. Kg4 Bb1 54. Nd5 Bd8 55. Ne3 Be4 56. f5 Ba5 57. Nc4 Bc7 58. Be3 Bd3 59. Nd2 Be2+ 60. Kh3 Bd3 61. Kg4 Be2+ 62. Nf3 Kg7 63. Bf4 Bb6 64. Kg3 Bd3 65. Kg4 Be2 66. Bd6 Kf7 67. Kf4 Bf2 68. h5 Kg7 69. Be7 Bb6 70. Kg3 Bc7+ 71. Kg4 Kf7 72. Bc5 Kg7 73. Be3 Bd6 74. Bf4 Bc5 75. Kg3 Bb4 76. h6+ Kh7 77. Nd4 Be1+ 78. Kh3 Bd3 79. Kg4 Bc3 80. Ne6 Be2+ 81. Kg3 Be1+ 82. Kh3 Bb4 83. Nd4 Bf1+ 84. Kg3 Be1+ 85. Kf3 Bc3 86. Ne6 Bb4 87. Ke4 Bg2+ 88. Kd4 Bh3 89. Ke4 Bg2+ 90. Kd3 Bh3 91. Kc4 Be7 92. Nd4 Bf8 93. Kd5 Bxh6 94. Bg3 Be3 95. Nc2 Bg5 96. Ke4 Kg7 97. Ne3 Kf7 98. Bf4 Bh4 99. Nc4 Bg2+ 100. Ke3 Bd5 101. Nd6+ Ke7 102. Ne4 Be1 103. Bd6+ Kf7 104. Bc5 Ba5 105. Nd6+ Kg8 106. Bd4 Bd8 107. Ne8 Kf7 108. Nd6+ Kg8 109. Ne4 Kf7 110. Nf2 Bc7 111. Ng4 Bd8 112. Bc3 Ba2 113. Kf4 Bc7+ 114. Kf3 Bd5+ 115. Ke3 Bd8 116. Nh6+ Kg7 117. Ng4 Bc6 118. Bd4 Bd7 119. Ke4 Bc6+ 120. Kf4 Bc7+ 121. Ke3 Bd8 122. Bc3 Bd7 123. Ke4 Kf7 124. Bxf6 Bxf6 125. Nxf6 Bxf5+ 126. Kxf5 1/2-1/2

[Event "EOBCC 2020"]
[Site "Online"]
[Date "2020.12.18"]
[Round "11.30"]
[White "Movsesian, Sergei"]
[Black "Belyakov, Bogdan"]
[Result "1-0"]
[WhiteElo "2647"]
[BlackElo "2450"]
[Annotator "TA"]
[PlyCount "45"]
[EventDate "2020.12.18"]
[EventType "tourn"]
[EventCountry "NET"]
[SourceTitle "playchess.com"]
[Source "ChessBase"]
[SourceQuality "1"]

1. e4 e5 2. Nf3 Nc6 3. Bc4 Bc5 4. d3 Nf6 5. Nc3 O-O 6. a3 a6 7. b4 Be7 8. O-O d6 9. h3 Be6 10. Be3 h6 11. Re1 Qd7 12. Nd5 Nd8 13. d4 exd4 14. Nxd4 Nxe4 15. Bxh6 Bxd5 16. Bxd5 Nc3 17. Qh5 Nxd5 18. Bxg7 Kxg7 19. Nf5+ Kf6 20. g4 Rg8 21. Qh4+ Rg5 22. Qh8+ Kg6 23. Qh6# 1-0

[Event "EOBCC 2020"]
[Site "Online"]
[Date "2020.12.18"]
[Round "11.31"]
[White "Zarubitski, Viachaslau"]
[Black "Martirosyan, Haik M."]
[Result "0-1"]
[WhiteElo "2448"]
[BlackElo "2622"]
[Annotator "ChessBase"]
[PlyCount "108"]
[EventDate "2020.12.18"]
[EventType "tourn"]
[EventCountry "NET"]
[SourceTitle "playchess.com"]
[Source "ChessBase"]
[SourceQuality "1"]

1. e4 e5 2. Nf3 Nc6 3. Bb5 Nf6 4. O-O Nxe4 5. Re1 Nd6 6. Nxe5 Be7 7. Bf1 Nf5 8. c3 Nxe5 9. Rxe5 d6 10. Re1 O-O 11. d4 d5 12. Nd2 c6 13. Nf3 Bd6 14. Bd3 f6 15. Qc2 g6 16. a4 Bd7 17. a5 Qc7 18. Bd2 Rae8 19. b4 Ng7 20. h3 Bf5 21. Rxe8 Rxe8 22. Re1 Rxe1+ 23. Nxe1 a6 24. Qd1 Qd7 25. Qe2 Kf7 26. Kf1 h5 27. Bxf5 Qxf5 28. Nd3 Ne6 29. g4 hxg4 30. hxg4 Qe4 31. f3 Qxe2+ 32. Kxe2 g5 33. Kf2 Kg6 34. Be3 Nc7 35. Bd2 Ne6 36. Be3 f5 37. Bd2 Nc7 38. Be3 Ne8 39. Kg2 Nf6 40. Nf2 Bc7 41. Bd2 Ne8 42. Be3 Nd6 43. Bc1 Bd8 44. Bd2 Nc4 45. Bc1 Bc7 46. Kf1 b6 47. axb6 Bxb6 48. Nd3 a5 49. bxa5 Bxa5 50. f4 fxg4 51. fxg5 Bxc3 52. Kg2 Bxd4 53. Kg3 Ne5 54. Nf4+ Kf5 0-1

[Event "EOBCC 2020"]
[Site "Online"]
[Date "2020.12.18"]
[Round "11.32"]
[White "Mammadzada, Gunay"]
[Black "Fedorchuk, Sergey A."]
[Result "0-1"]
[WhiteElo "2443"]
[BlackElo "2616"]
[Annotator "ChessBase"]
[PlyCount "72"]
[EventDate "2020.12.18"]
[EventType "tourn"]
[EventCountry "NET"]
[SourceTitle "playchess.com"]
[Source "ChessBase"]
[SourceQuality "1"]

1. e4 c5 2. Nf3 e6 3. d4 cxd4 4. Nxd4 a6 5. Bd3 Bc5 6. Nb3 Be7 7. Qg4 g6 8. Qe2 d6 9. N1d2 Nf6 10. Nc4 O-O 11. Bh6 Re8 12. O-O-O Qc7 13. h4 b5 14. Ne3 Bb7 15. Ng4 Nh5 16. Bg5 Nc6 17. Kb1 Rac8 18. Nh6+ Kg7 19. g4 Bxg5 20. hxg5 Nf4 21. Qf3 e5 22. c3 Qe7 23. Bc2 Rh8 24. Nf5+ gxf5 25. gxf5 f6 26. gxf6+ Qxf6 27. Nc5 dxc5 28. Rd7+ Kf8 29. Rxb7 h5 30. Qd1 Rd8 31. Rd7 Qe7 32. Rxd8+ Qxd8 33. Qg1 Qf6 34. f3 Qe7 35. a4 h4 36. Qf2 h3 0-1

[Event "EOBCC 2020"]
[Site "Online"]
[Date "2020.12.18"]
[Round "11.33"]
[White "Svane, Rasmus"]
[Black "Razin, Vadim"]
[Result "1-0"]
[WhiteElo "2613"]
[BlackElo "2428"]
[Annotator "ChessBase"]
[PlyCount "115"]
[EventDate "2020.12.18"]
[EventType "tourn"]
[EventCountry "NET"]
[SourceTitle "playchess.com"]
[Source "ChessBase"]
[SourceQuality "1"]

1. Nf3 d5 2. g3 Nf6 3. Bg2 c6 4. O-O Bf5 5. c4 e6 6. Qb3 Qb6 7. d3 Nbd7 8. cxd5 Qxb3 9. axb3 exd5 10. Bd2 Be7 11. b4 O-O 12. Bc3 Rfe8 13. Nbd2 Bf8 14. Rfe1 h6 15. Nb3 a6 16. Nfd4 Bg6 17. Bh3 Bh5 18. f3 Nb6 19. Nc5 Rab8 20. Ndb3 Bd6 21. Kf1 Re7 22. Bd4 Nbd7 23. Na5 Nf8 24. Rac1 Ne6 25. Bf2 g5 26. Bg2 Bg6 27. e4 dxe4 28. dxe4 Nxc5 29. bxc5 Bc7 30. Nc4 g4 31. Nd6 gxf3 32. Bxf3 Nd7 33. Nf5 Ree8 34. Nxh6+ Kh7 35. Nf5 Ne5 36. Be2 Rbd8 37. Rcd1 Ba5 38. Rxd8 Rxd8 39. Rd1 Rxd1+ 40. Bxd1 Nd3 41. Bd4 Bb4 42. Bc2 Nxc5 43. Ke2 Ne6 44. Bf6 Bf8 45. g4 a5 46. h4 Kg8 47. h5 Bh7 48. Kf3 b5 49. Bb3 a4 50. Ba2 b4 51. Bc4 a3 52. bxa3 bxa3 53. g5 Nc5 54. g6 Ne6 55. Kg4 Bg7 56. Nxg7 Nxg7 57. Bxf7+ Kh8 58. h6 1-0

[Event "EOBCC 2020"]
[Site "Online"]
[Date "2020.12.18"]
[Round "11.35"]
[White "Petriashvili, Nikoloz"]
[Black "Shevchenko, Kirill"]
[Result "0-1"]
[WhiteElo "2425"]
[BlackElo "2592"]
[Annotator "ChessBase"]
[PlyCount "102"]
[EventDate "2020.12.18"]
[EventType "tourn"]
[EventCountry "NET"]
[SourceTitle "playchess.com"]
[Source "ChessBase"]
[SourceQuality "1"]

1. d4 Nf6 2. Nf3 g6 3. g3 Bg7 4. Bg2 d5 5. O-O O-O 6. c3 a5 7. Bf4 Bf5 8. Nbd2 c6 9. Ne5 Nbd7 10. Nxd7 Qxd7 11. Be5 a4 12. Re1 Rfd8 13. a3 h5 14. h4 Bg4 15. Qc2 Bh3 16. e3 Bxg2 17. Kxg2 Ng4 18. Bxg7 Kxg7 19. e4 dxe4 20. Qxe4 e5 21. Nf3 exd4 22. Nxd4 Re8 23. Qf4 Qd5+ 24. Qf3 Qxf3+ 25. Nxf3 Rad8 26. Rxe8 Rxe8 27. Re1 Rxe1 28. Nxe1 Ne5 29. f4 Nc4 30. Nd3 Kf6 31. Kf3 Kf5 32. Ke2 Kg4 33. Kf2 Kf5 34. Kf3 b6 35. Ke2 Ke4 36. Nf2+ Kd5 37. Nd3 Ke4 38. Nf2+ Kf5 39. Nd3 Kg4 40. Kf2 f6 41. Kg2 Ne3+ 42. Kf2 Nf5 43. Nb4 Nxg3 44. Nxc6 Kxf4 45. Ne7 Ne4+ 46. Ke2 g5 47. Nd5+ Kg3 48. Nxb6 gxh4 49. Nd5 h3 50. Ne3 h2 51. Nf5+ Kh3 0-1

[Event "EOBCC 2020"]
[Site "Online"]
[Date "2020.12.18"]
[Round "11.37"]
[White "Babazada, Khazar"]
[Black "Olszewski, Michal"]
[Result "0-1"]
[WhiteElo "2409"]
[BlackElo "2525"]
[Annotator "ChessBase"]
[PlyCount "98"]
[EventDate "2020.12.18"]
[EventType "tourn"]
[EventCountry "NET"]
[SourceTitle "playchess.com"]
[Source "ChessBase"]
[SourceQuality "1"]

1. e4 c5 2. Nc3 d6 3. g3 Nc6 4. Bg2 g6 5. Nge2 Bg7 6. O-O e6 7. d3 Nge7 8. Be3 Nd4 9. Qd2 O-O 10. Nd1 Rb8 11. c3 Nxe2+ 12. Qxe2 b5 13. Qd2 b4 14. Bh6 bxc3 15. bxc3 Qa5 16. Bxg7 Kxg7 17. Ne3 Ba6 18. Rfe1 Nc6 19. Ng4 f6 20. Rad1 Ne5 21. Nxe5 dxe5 22. d4 exd4 23. cxd4 Qxd2 24. Rxd2 Rfd8 25. d5 Kf7 26. Rc1 c4 27. f4 Ke7 28. Kf2 exd5 29. exd5 Kd6 30. Rc3 Re8 31. Bh3 f5 32. Bf1 Kc5 33. Rdc2 Re4 34. Bg2 Rd4 35. Re3 Rb1 36. Re7 Bb7 37. Rxh7 Bxd5 38. Bxd5 Kxd5 39. Rxa7 Ke4 40. Re7+ Kd3 41. Rce2 c3 42. R7e3+ Kc4 43. Re6 Rd2 44. Rc6+ Kd3 45. Rd6+ Kc2 46. a4 Rb2 47. a5 Rxe2+ 48. Kxe2 Kb1+ 49. Kd3 Rd2+ 0-1

[Event "EOBCC 2020"]
[Site "Online"]
[Date "2020.12.18"]
[Round "11.38"]
[White "Gumularz, Szymon"]
[Black "Bazeev, German"]
[Result "1/2-1/2"]
[WhiteElo "2516"]
[BlackElo "2398"]
[Annotator "ChessBase"]
[PlyCount "154"]
[EventDate "2020.12.18"]
[EventType "tourn"]
[EventCountry "NET"]
[SourceTitle "playchess.com"]
[Source "ChessBase"]
[SourceQuality "1"]

1. d4 Nf6 2. Bf4 g6 3. Nc3 d5 4. e3 Bg7 5. h4 h5 6. Nf3 Bg4 7. Be2 Bxf3 8. Bxf3 c6 9. Qe2 Nbd7 10. O-O-O e6 11. e4 dxe4 12. Nxe4 Nxe4 13. Bxe4 Bh6 14. Bxh6 Rxh6 15. d5 cxd5 16. Bxd5 Qb6 17. Qd2 Rh7 18. Rhe1 O-O-O 19. Bf3 Rhh8 20. Re3 Nc5 21. Qe1 Rxd1+ 22. Qxd1 Rd8 23. Qe2 Qd6 24. g3 Kb8 25. Rc3 e5 26. b4 Ne6 27. Qe4 Rd7 28. Re3 f6 29. Qxg6 Nd4 30. Bd1 Rc7 31. a3 a5 32. c3 axb4 33. axb4 Qxb4 34. Qg8+ Ka7 35. Qa2+ Kb6 36. Qb2 Qxb2+ 37. Kxb2 Nb5 38. Bxh5 Nd6 39. Be2 e4 40. g4 Kc5 41. h5 Kd5 42. f3 Ke5 43. fxe4 Kf4 44. Rf3+ Kg5 45. h6 Rh7 46. Rd3 Nc4+ 47. Kb3 Ne5 48. Rd6 Rxh6 49. Rb6 Nd7 50. Rb4 Kf4 51. Kc4 Rh7 52. Kd5 Ne5 53. Ke6 Kg5 54. Bd1 Rd7 55. Bb3 Rc7 56. Bd5 Rxc3 57. Rxb7 Nxg4 58. Rg7+ Kf4 59. Rg8 Ra3 60. Kf7 Ra7+ 61. Ke6 Ra6+ 62. Ke7 Ne5 63. Rb8 Kg5 64. Rg8+ Kf4 65. Rb8 Ng4 66. Rg8 Ra5 67. Be6 Ra7+ 68. Kd6 Ne5 69. Bd5 Ra6+ 70. Ke7 Ng4 71. Be6 Ne5 72. Kxf6 Kxe4 73. Rh8 Ng4+ 74. Kg5 Rxe6 75. Kxg4 Rg6+ 76. Kh5 Rg2 77. Re8+ Kf3 1/2-1/2

[Event "EOBCC 2020"]
[Site "Online"]
[Date "2020.12.18"]
[Round "11.39"]
[White "Piesik, Piotr"]
[Black "Suleymanli, Aydin"]
[Result "0-1"]
[WhiteElo "2400"]
[BlackElo "2512"]
[Annotator "ChessBase"]
[PlyCount "88"]
[EventDate "2020.12.18"]
[EventType "tourn"]
[EventCountry "NET"]
[SourceTitle "playchess.com"]
[Source "ChessBase"]
[SourceQuality "1"]

1. Nf3 d5 2. g3 Bf5 3. Bg2 Nf6 4. O-O e6 5. d3 h6 6. Nbd2 Be7 7. Qe1 Bh7 8. e4 O-O 9. Qe2 a5 10. a4 c5 11. Ne5 Na6 12. f4 Nd7 13. Ndf3 dxe4 14. dxe4 Nf6 15. Nd2 Qc7 16. c3 Rad8 17. Ndc4 Nb8 18. Na3 Nc6 19. Nb5 Qb8 20. Nc4 Bg6 21. h3 Rfe8 22. f5 exf5 23. exf5 Bh7 24. Qf2 Nh5 25. g4 Ng3 26. Re1 Bh4 27. Bf4 Ne2+ 28. Qxe2 Rxe2 29. Bxb8 Rxe1+ 30. Rxe1 Bxe1 31. Bc7 Rd1 32. Bf3 Ra1 33. Kg2 Rxa4 34. Ncd6 Ra2 35. Kf1 Bg3 36. Bd5 Rxb2 37. Nxf7 Bxc7 38. Nxc7 Kf8 39. Nd6 Bg8 40. Ne6+ Bxe6 41. fxe6 Ne7 42. Bxb7 a4 43. Be4 a3 44. Nc4 a2 0-1

[Event "EOBCC 2020"]
[Site "Online"]
[Date "2020.12.18"]
[Round "11.40"]
[White "Erdogdu, Mert"]
[Black "Kazakouski, Valery"]
[Result "0-1"]
[WhiteElo "2396"]
[BlackElo "2473"]
[Annotator "ChessBase"]
[PlyCount "56"]
[EventDate "2020.12.18"]
[EventType "tourn"]
[EventCountry "NET"]
[SourceTitle "playchess.com"]
[Source "ChessBase"]
[SourceQuality "1"]

1. e4 c5 2. Nf3 a6 3. c4 Nc6 4. d4 cxd4 5. Nxd4 e5 6. Nc2 Bc5 7. Be2 Nf6 8. Nc3 d6 9. O-O O-O 10. Rb1 Be6 11. b4 Ba7 12. Bg5 h6 13. Bh4 g5 14. Bg3 Nd4 15. Ne3 Rc8 16. a4 b5 17. axb5 axb5 18. Nxb5 Nxb5 19. cxb5 Nxe4 20. Ra1 Bd4 21. Ra6 Nc3 22. Qd2 Nxe2+ 23. Qxe2 f5 24. Qh5 Kg7 25. Rd1 f4 26. Rxd4 exd4 27. Ra7+ Rc7 28. Ng4 Bxg4 0-1

[Event "EOBCC 2020"]
[Site "Online"]
[Date "2020.12.18"]
[Round "11.41"]
[White "Yatzenko, Anton"]
[Black "Stefanova, Antoaneta"]
[Result "0-1"]
[WhiteElo "2379"]
[BlackElo "2466"]
[Annotator "ChessBase"]
[PlyCount "86"]
[EventDate "2020.12.18"]
[EventType "tourn"]
[EventCountry "NET"]
[SourceTitle "playchess.com"]
[Source "ChessBase"]
[SourceQuality "1"]

1. d4 d5 2. Nf3 Nf6 3. Bf4 e6 4. e3 Bd6 5. Bg3 c5 6. Nbd2 Qc7 7. c4 Bxg3 8. hxg3 cxd4 9. Nxd4 Nc6 10. Nb5 Qe7 11. cxd5 Nxd5 12. Bd3 a6 13. Na3 Ne5 14. Be4 Nf6 15. O-O O-O 16. Bc2 Bd7 17. Qe2 Bc6 18. Rac1 Rfd8 19. Nb3 Neg4 20. Nd4 Be8 21. Nc4 b5 22. Na5 Rac8 23. a3 g6 24. Bb3 Rxc1 25. Rxc1 Qd7 26. Rc6 e5 27. Nf3 Ne4 28. Rxa6 Nexf2 29. Nc6 Rc8 30. Ncxe5 Rc1+ 31. Ne1 Nxe5 32. Qxf2 Nd3 33. Qf6 Rxe1+ 34. Kh2 Qf5 35. Qxf5 gxf5 36. Ra8 Kf8 37. Bd5 Rxe3 38. Bc6 Nxb2 39. Bxb5 f6 40. a4 Kf7 41. Ra7+ Re7 42. Ra8 Bxb5 43. axb5 Rb7 0-1

[Event "EOBCC 2020"]
[Site "Online"]
[Date "2020.12.18"]
[Round "11.42"]
[White "Jaracz, Pawel"]
[Black "Mischuk, Dmitry"]
[Result "0-1"]
[WhiteElo "2456"]
[BlackElo "2364"]
[Annotator "ChessBase"]
[PlyCount "98"]
[EventDate "2020.12.18"]
[EventType "tourn"]
[EventCountry "NET"]
[SourceTitle "playchess.com"]
[Source "ChessBase"]
[SourceQuality "1"]

1. e4 c5 2. Nf3 d6 3. d4 cxd4 4. Nxd4 Nf6 5. Nc3 a6 6. Be3 Nc6 7. f3 d5 8. Nxc6 bxc6 9. e5 Nd7 10. f4 e6 11. Bf2 c5 12. Bd3 Bb7 13. O-O d4 14. Na4 Qc7 15. b3 Qc6 16. Qg4 h5 17. Qh3 g6 18. Rae1 Be7 19. Nb2 Qc7 20. Nc4 Bd5 21. Bh4 Bxc4 22. bxc4 Bxh4 23. Qxh4 Qd8 24. Qg3 Rb8 25. Qh3 Qe7 26. g4 Qf8 27. Rb1 hxg4 28. Qxg4 Qh6 29. Rxb8+ Nxb8 30. Qg2 Kf8 31. Rf2 Kg7 32. f5 exf5 33. Rxf5 Nd7 34. e6 Qe3+ 35. Kh1 Qxe6 36. Rf1 Ne5 37. Be4 Ng4 38. Bd5 Rxh2+ 39. Qxh2 Nxh2 40. Bxe6 Nxf1 41. Bc8 a5 42. Kg2 Ne3+ 43. Kf3 Nxc2 44. Ke4 f5+ 45. Ke5 d3 46. Bb7 Ne1 47. Bc6 d2 48. Ba4 Nd3+ 49. Kd6 Nb2 0-1

[Event "EOBCC 2020"]
[Site "Online"]
[Date "2020.12.18"]
[Round "11.43"]
[White "Nikolovski, Nikola"]
[Black "Lenaerts, Lennert"]
[Result "1-0"]
[WhiteElo "2454"]
[BlackElo "2357"]
[Annotator "ChessBase"]
[PlyCount "93"]
[EventDate "2020.12.18"]
[EventType "tourn"]
[EventCountry "NET"]
[SourceTitle "playchess.com"]
[Source "ChessBase"]
[SourceQuality "1"]

1. e4 e5 2. Nf3 Nc6 3. Bc4 Bc5 4. O-O d6 5. c3 Nf6 6. Re1 a6 7. Bb3 Ba7 8. d3 h6 9. Nbd2 O-O 10. Nf1 Be6 11. Bc2 Re8 12. Ng3 d5 13. exd5 Bxd5 14. h3 Qd7 15. Nh4 Rad8 16. Nhf5 Be6 17. Nxg7 Kxg7 18. Bxh6+ Kxh6 19. Qd2+ Kh7 20. d4+ e4 21. Qg5 Qe7 22. Nxe4 Nxe4 23. Bxe4+ f5 24. Bxf5+ Bxf5 25. Qxf5+ Kg7 26. Rxe7+ Rxe7 27. h4 Rf8 28. Qg5+ Kf7 29. h5 Re6 30. Qf5+ Rf6 31. Qh7+ Ke8 32. Re1+ Kd8 33. Re2 R8f7 34. Qg8+ Rf8 35. Qg5 Ne7 36. h6 R6f7 37. Qe5 Bb6 38. g4 Rg8 39. Qe6 Rh7 40. f3 c6 41. Qf6 Bc7 42. g5 Kd7 43. f4 Bd6 44. Re6 Bc7 45. Kf2 Rg6 46. Rxe7+ Rxe7 47. Qxg6 1-0